Karana kaarana: anubhavada nade anubhavada nudi saraniya upanyasagalu 2015 (Record no. 123302)
[ view plain ]
| 000 -LEADER | |
|---|---|
| fixed length control field | 00963nam a2200289Ia 4500 |
| 003 - CONTROL NUMBER IDENTIFIER | |
| control field | OSt |
| 005 - DATE AND TIME OF LATEST TRANSACTION | |
| control field | 20251114120333.0 |
| 008 - FIXED-LENGTH DATA ELEMENTS--GENERAL INFORMATION | |
| fixed length control field | 210210b2018 xxu||||| |||| 00| 0 eng d |
| 040 ## - CATALOGING SOURCE | |
| Transcribing agency | AL |
| 041 ## - LANGUAGE CODE | |
| Language code of text/sound track or separate title | Kannada |
| 082 ## - DEWEY DECIMAL CLASSIFICATION NUMBER | |
| Classification number | K894.4 KALK |
| 100 ## - MAIN ENTRY--PERSONAL NAME | |
| Personal name | KALLURU NAGESHA Ed |
| Dates associated with a name | ಕಲ್ಲೂರು ನಾಗೇಶ |
| 9 (RLIN) | 245574 |
| 245 ## - TITLE STATEMENT | |
| Title | Karana kaarana: anubhavada nade anubhavada nudi saraniya upanyasagalu 2015 |
| Remainder of title | ಕರಣ ಕಾರಣ: ಅನುಭವದ ನಡೆ ಅನುಭವದ ನುಡಿ ಸರಣಿಯ ಉಪನ್ಯಾಸಗಳು 2015 |
| 260 ## - PUBLICATION, DISTRIBUTION, ETC. | |
| Place of publication, distribution, etc. | Mangaluru |
| Name of publisher, distributor, etc. | Akrati Ashaya Pablications |
| Date of publication, distribution, etc. | 2018 |
| 300 ## - PHYSICAL DESCRIPTION | |
| Extent | xi,188 |
| 650 ## - SUBJECT ADDED ENTRY--TOPICAL TERM | |
| Topical term or geographic name entry element | upanyasagalu |
| 9 (RLIN) | 245575 |
| 650 ## - SUBJECT ADDED ENTRY--TOPICAL TERM | |
| Topical term or geographic name entry element | saraniya |
| 9 (RLIN) | 245576 |
| 650 ## - SUBJECT ADDED ENTRY--TOPICAL TERM | |
| Topical term or geographic name entry element | nudi |
| 9 (RLIN) | 245577 |
| 650 ## - SUBJECT ADDED ENTRY--TOPICAL TERM | |
| Topical term or geographic name entry element | nade |
| 9 (RLIN) | 245578 |
| 650 ## - SUBJECT ADDED ENTRY--TOPICAL TERM | |
| Topical term or geographic name entry element | Karana |
| 9 (RLIN) | 245579 |
| 650 ## - SUBJECT ADDED ENTRY--TOPICAL TERM | |
| Topical term or geographic name entry element | kaarana: |
| 9 (RLIN) | 245580 |
| 650 ## - SUBJECT ADDED ENTRY--TOPICAL TERM | |
| Topical term or geographic name entry element | anubhavada |
| 9 (RLIN) | 245581 |
| 650 ## - SUBJECT ADDED ENTRY--TOPICAL TERM | |
| Topical term or geographic name entry element | 2015 |
| 9 (RLIN) | 245582 |
| 690 ## - LOCAL SUBJECT ADDED ENTRY--TOPICAL TERM (OCLC, RLIN) | |
| Topical term or geographic name as entry element | Kannada Prose |
| 9 (RLIN) | 245583 |
| 906 ## - LOCAL DATA ELEMENT F, LDF (RLIN) | |
| a | 073478 |
| 942 ## - ADDED ENTRY ELEMENTS (KOHA) | |
| Source of classification or shelving scheme | Dewey Decimal Classification |
| Koha item type | Book |
| Withdrawn status | Lost status | Source of classification or shelving scheme | Damaged status | Not for loan | Collection code | Home library | Current library | Shelving location | Date acquired | Source of acquisition | Cost, normal purchase price | Total Checkouts | Full call number | Barcode | Date last seen | Price effective from | Koha item type |
|---|---|---|---|---|---|---|---|---|---|---|---|---|---|---|---|---|---|
| Dewey Decimal Classification | Kannada | St Aloysius Library | St Aloysius Library | 02/17/2021 | Aakrithi Aashaya Publications, Mangalore-1 | 200.00 | K894.4 KALK | 073478 | 02/17/2021 | 02/17/2021 | Book |